Sunderland Current Squad - Statistics

General Stats
  • This quiz has been taken 49 times
    20 since last reset
  • The average score is 17 of 30
Answer Stats
Hint Answer % Correct
22 Robin Roefs
100%
46 Aboudllah Ba
88%
9 Brian Brobbey
88%
5 Dan Ballard
88%
34 Granit Xhaka
88%
27 Noah Sadiki
88%
28 Enzo Le Fée
75%
20 Nordi Mukiele
75%
17 Reinildo
75%
12 Elienzer Mayenda
63%
19 Habib Diarra
63%
Régis Le Bris
63%
18 Wilson Isidor
63%
7 Chemsdine Talbi
50%
11 Chris Rigg
50%
13 Luke O'Nien
50%
15 Omar Alderete
50%
32 Trai Hume
50%
25 Bertrand Traoré
38%
3 Dennis Cirkin
38%
50 Harrison Jones
38%
49 Ian Poveda
38%
37 Jocelin Ta Bi
38%
6 Lutsharel Geertruida
38%
31 Melker Ellborg
38%
30 Milan Aleksic
38%
10 Nilson Angulo
38%
21 Simon Moore
38%
29 Ahmed Abdullahi
25%
14 Romaine Mundle
25%
No matching quizzes found
Score Distribution
Percent of People with Each Score
Percentile by Number Answered
Your Score History
You have not taken this quiz since the last reset